000 00647nam a2200145Ia 4500
008 151213s9999 xx 000 0 und d
100 _aমোয়াজ্জেম হোসেন আলমগীর।
245 _aদুই বাংলার প্রেমের ,আবুতির কবিতা : শ্রেষ্ঠ কবিতা।
_cমোয়াজ্জেম হোসেন আলমগীর।
260 _aঢাকা
_bমিজান।
_c2010
300 _a8642 p.
650 _aBangla
650 _aকবিতা
700 _aমোয়াজ্জেম হোসেন আলমগীর।
999 _c4429
_d4429